header

Organizational dynamics of creative destruction (Record no. 179327)

MARC details
000 -LEADER
fixed length control field 01351nam a2200325Ia 4500
100 1# - MAIN ENTRY--AUTHOR NAME
Personal name Boyle, Elizabeth,
245 10 - TITLE STATEMENT
Title Organizational dynamics of creative destruction
260 ## - PUBLICATION, DISTRIBUTION, ETC. (IMPRINT)
Place of publication New York :
Name of publisher Palgrave Macmillan,
Year of publication c2003.
300 ## - PHYSICAL DESCRIPTION
Number of Pages 224 p. :
Other physical details ill.
650 #0 - SUBJECT ADDED ENTRY--TOPICAL TERM
Topical Term Entrepreneurship.
Topical Term Creative ability in business.
Topical Term Technological innovations
Topical Term New business enterprises.
700 1# - ADDED ENTRY--PERSONAL NAME
Personal name Mezias, Stephen.
856 40 - ELECTRONIC LOCATION AND ACCESS
Uniform Resource Identifier http://site.ebrary.com/lib/rucke/Doc?id=10044876

No items available.

© 2026 Rongo University
Contact us: librarian | system librarian | Rongo university